Ekonomie : stručný přehled : teorie a praxe aktuálně a v souvislostech : [2000/2001] /

Hlavní autor: Švarcová, Jena, 1963-
Jazyk: Čeština
Vydáno: Zlín : CEED, 2000
Témata:
Fyzický popis: 277 s. ; 29 cm
Knihy
Uloženo v:
LEADER 01233nam a2200373 a 4500
001 000530851
003 CZ BrMZK
005 20051004100040.0
007 ta
008 010907s2000 xr e p cze d
015 |a cnb000886473 
020 |a 80-902552-4-8 
035 |a (OCoLC)53274527 
040 |a BOA001  |b cze 
072 7 |a 33  |x Ekonomie  |2 Konspekt  |9 4 
072 7 |a 37.016  |x Učební osnovy. Vyučovací předměty. Učebnice  |2 Konspekt  |9 22 
080 |a 33  |2 MRF 
080 |a 658  |2 MRF 
080 |a 338.2  |2 MRF 
080 |a 336  |2 MRF 
080 |a (075)  |2 MRF 
100 1 |a Švarcová, Jena,  |d 1963-  |7 xx0004184  |4 aut 
245 1 0 |a Ekonomie :  |b stručný přehled : teorie a praxe aktuálně a v souvislostech : [2000/2001] /  |c Jena Švarcová. 
260 |a Zlín :  |b CEED,  |c 2000 
300 |a 277 s. ;  |c 29 cm 
500 |a Bibliogr. 
650 0 7 |a ekonomie  |7 ph114430  |2 czenas 
650 0 7 |a podniková ekonomika  |7 ph115762  |2 czenas 
650 0 7 |a hospodářská politika  |7 ph114701  |2 czenas 
650 0 7 |a finance  |7 ph114548  |2 czenas 
655 7 |a učebnice  |7 fd133770  |2 czenas 
910 |a BOA001  |b 4-1076.372 
990 |a BK 
996 6 |b 2610120366  |c 4-1076.372  |l MZK  |r Sklad / do 1 hodiny  |n 7  |p p.v.  |w 000530851  |u 000010  |a 1  |e BOA001  |j MZK50  |s P